| 000 | 00976aas a2200229 4500 | ||
|---|---|---|---|
| 003 | BR-BrBNA | ||
| 005 | 20241112174247.0 | ||
| 007 | ta | ||
| 008 | 230119b bl ||||| |||| 00| 0 por d | ||
| 022 | _a1413-9596 / 0303-7525 | ||
| 035 | _a000485-5 | ||
| 040 |
_aBR-BrBNA _bPor - Eng _cBR-BrBNA |
||
| 042 | _a093078-4 | ||
| 044 | _abl | ||
| 245 | _aBrazilian Journal of Veterinary and Animal Science (Brazil) | ||
| 260 |
_aSão Paulo-SP _bFaculdade de Medicina Veterinária e Zootecnia-USP _c1990 _eBSP |
||
| 270 | _aAv. Prof. Dr. Orlando Marques de Paiva, 87 - Cidade Universitária Armando de Salles Oliveira - 05508-000 - São Paulo - SP | ||
| 310 | _asemestral (duas vezes por ano | ||
| 505 | _a1990-91 27-28(1-2); 1992-93 29-30(1-2 + supl.); 1994 31(1-2,3/4); 1995 32(1-4); 1996 33(1-4 + supl.); 1997-2000 34-37(1-6); 2001-02 38-39(1-6 online); 2003 40(1-6 + supl. 1,2,3 online); 2004 41(1-6 online). | ||
| 856 | _uhttps://www.scielo.br/j/bjvras/grid | ||
| 942 |
_cCR _2AGRIS |
||
| 999 |
_c2300 _d2300 |
||